Hukuk, yasama ve özgürlük: (Record no. 13684)

MARC details
000 -BAŞLIK
Sabit Uzunlukta Kontrol Alanı 00929nam a22002657a 4500
999 ## - SİSTEM KONTROL NUMARALARI (KOHA)
Koha Biblionumber 13684
Koha Biblioitemnumber 13684
003 - KONTROL NUMARASI IDENTIFIER
Denetim Alanı MIRAKIL
005 - SON İŞLEM TARİHİ VE ZAMANI
Denetim Alanı 20200102104309.0
008 - SABİT-BOY VERİ ELEMANLARI - GENEL BİLGİLER
Sabit Uzunlukta Kontrol Alanı 200102b tu ||||| |||| 00| 0 tur d
020 ## - ULUSLARARASI STANDART KİTAP NUMARASI
Uluslararası Standart Kitap Numarası 9754580863
040 ## - KATALOGLAMA KAYNAK
Orijinal Kataloglama Ajansı TR-AnCHP
Metne Dönüştürmek Ajansı TR-AnCHP
041 ## - DİL KODU
Metin / Ses Parça Veya Ayrı Başlığın Dil Kodu tur
082 ## - DEWEY ONLU SINIFLANDIRMA NUMARASI
Sınıflandırma Numarası 340.1
Ürün Numarası H29h 1997
100 ## - ANA GİRİŞ - KİŞİSEL İSİM
Kişisel Ad Hayek, Friedrich A.
245 10 - BAŞLIK TABLOSU
Başlık Hukuk, yasama ve özgürlük:
Başlığın Kalan Özgür bir toplumun siyasi düzeni/
Sorumluluk Tablosu, Vb Friedrich A. Hayek; çeviren Mehmet Öz.
246 ## - UNVAN FORM VARYING
Başlık Doğru / Kısa Başlığı Özgür bir toplumun siyasi düzeni
260 ## - YAYIN, DAĞITIM, VB
Yayın, Dağıtım, Vb Yeri İstanbul:
Yayıncı, Dağıtıcı, Vs Adı Türkiye iş bankası kültür yayınları,
Yayın, Dağıtım, Vb Tarihi 1997.
300 ## - FİZİKSEL TANIM
Kapsam 313 s.:
Boyutlar 20 sm.
490 0# - SERİSİ TABLOSU
Seri Beyanı Türkiye iş bankası kültür yayınları;
-- Sosyal ve felsefi eserler dizisi;
Hacim / Ardışık Tanımı Genel yayın no: 357
Uluslararası Standart Süreli Yayın Numarası 44.
504 ## - KAYNAKÇA VB NOT
Kaynakça Vb Notu Dizin vardır.
650 #0 - KONU KATMA GİRİŞ - TOPİKAL DÖNEM
9 (RLIN) 5358
Topikal Süreli Veya Coğrafi Ad Giriş Elemanı Hukuk
650 #0 - KONU KATMA GİRİŞ - TOPİKAL DÖNEM
9 (RLIN) 721
Topikal Süreli Veya Coğrafi Ad Giriş Elemanı Özgürlük
700 ## - KATMA GİRİŞ - KİŞİSEL İSİM
9 (RLIN) 6174
Kişisel Ad Öz, Mehmet
Relator Terim çev.
740 ## - KATMA GİRİŞ - KONTROLSUZ İLGİLİ / ANALİTİK BAŞLIK
Kontrol Edilmeyen / İlgili Analitik Başlıktaki Özgür bir toplumun siyasi düzeni
942 ## - EKLENDİ GİRİŞ ELEMANLARI (KOHA)
Sınıflandırma Veya Raf Düzeni Kaynak Dewey Decimal Classification
Koha Öğesi Türü Books
Holdings
Kalıcı Konum Mevcut Konum Edinme Tarihi Toplam Check-Out'Lar Tam Çağrı Numarası Barkod Tarih Son Görülme İtibaren Geçerli Fiyatlar Sigara Kamu Notu Koha Öğesi Türü
CHP Kütüphanesi CHP Kütüphanesi 01/02/2020   340.1 H29h 1997 013464 01/02/2020 01/02/2020 Ertuğrul Çepni bağışıdır. Books